000 00567cam a22001932 4500
001 0000000409
005 20151217155800.0
008 070131s xx 000 0 eng d
040 _aKABU
_cKABU
050 0 _aDT1927
_b.S68H36
100 1 _aHancock, W. K.
_@0000167809
245 1 0 _aSmuts :
_bthe sanguine years 1870-1919 /
_cW. K. Hancock.
260 _aCambridge :
_bCUP,
_c1962.
300 _a 618 P.
600 1 0 _aSmuts, Jan Christian,
_d1870-1950.
_@0000167788
908 _a070131
950 _@1
999 _c12309
_d12309